| 000 | 00431nam a22001817i 4500 | ||
|---|---|---|---|
| 001 | 3516 | ||
| 003 | OSt | ||
| 005 | 20170126082319.0 | ||
| 007 | tu | ||
| 008 | 161220s1997 xxu||||| |||| 00| 0 d | ||
| 024 | 7 |
_a3515 _2RID |
|
| 040 | _cOSt | ||
| 084 |
_a14.2 _a14.4 _2z |
||
| 245 | 0 | 0 | _aBest Practice Policies for Small and Medium Sized Enterprises. 1996 Edition |
| 260 |
_aParis, _c1997. |
||
| 300 |
_a174 S. ; _c30cm. |
||
| 110 | 2 |
_aOECD _eEd. |
|
| 942 | _cB | ||
| 999 |
_c3466 _d3466 |
||